LIBRARY & INFORMATION CENTRE, KCAET, TAVANUR

ONLINE PUBLIC ACCESS CATALOGUE (OPAC)

Food processing operations modeling: Design and analysis (Record no. 14917)

MARC details
000 -LEADER
fixed length control field 00317nam a22001217a 4500
082 ## - DEWEY DECIMAL CLASSIFICATION NUMBER
Classification number 664.02 JUN/FO
100 ## - MAIN ENTRY--AUTHOR NAME
Personal name SOOJIN JUN, Edi,
-- JOSEPH M. IRUDAYARAJ
245 ## - TITLE STATEMENT
Title Food processing operations modeling: Design and analysis
250 ## - EDITION STATEMENT
Edition statement 2
260 ## - PUBLICATION, DISTRIBUTION, ETC. (IMPRINT)
Place of publication Florida
Name of publisher CRC Prses
Year of publication 2017
300 ## - PHYSICAL DESCRIPTION
Number of Pages 355
942 ## - ADDED ENTRY ELEMENTS (KOHA)
Koha item type Books
Holdings
Withdrawn status Lost status Damaged status Collection code Home library Current library Shelving location Date acquired Full call number Accession Number Koha item type
      Non-fiction KAUAET KAUAET On Display 22/11/2017 664.02 JUN/FO 25447 Books
free website counter